000 00491nam a2200193Ia 4500
005 20250923150120.0
008 008 250917s9999 xx 000 0 eng d
037 _aTextual
040 _aDSWL
_beng
_cDSWL
041 _aeng
_2eng
084 _qDSWL
245 0 _aGender , trafficking and slavery
_cEd. by Rachelmasika
260 _aOxford
_bOxfame Publication
_c2002
300 _a95p.
365 _aINR
_b569
925 _g569
942 _cTEXL
999 _c1459728
_d1459728